Психология счастья. Искусство радоваться жизни: практическое пособие

Bibliographic Details
Main Author: Панкратов В. Н. Вячеслав Николаевич
Summary:Это книга, по которой можно учиться жить, она реально может помочь человеку стать жизнерадостным и счастливым. Книга учит думать и лучше понимать себя и окружающих. Она уже прикоснулась ко многим сердцам и согрела их. В пособии в доходчивой и лаконичной форме даются ответы на многие жизненно важные вопросы: - как наслаждаться текущим моментом и полноценно жить настоящим; - как извлекать пользу из потерь, достойно принимать испытания судьбы и умело сотрудничать с неизбежным; - как освобождаться от болезненных переживаний и получать доступ к состояниям уверенности и душевного равновесия; - как правильно любить себя, сформировать позитивную самооценку и здоровое самоуважение; - как овладеть искусством прощать и просить прощения; - как позитивно выстраивать взаимоотношения с людьми, любить их и быть любимыми. Книга содержит тестовый материал, позволяющий лучше узнать себя, оригинальные упражнения-аутотренинги, побуждающие думать и творить, испытывая при этом особую радость открытий и познание самого себя. Пособие относится к той категории книг, которые жизненно необходимы чуть ли не всем. А точнее, эта книга НЕ ДЛЯ ВСЕХ, она ДЛЯ КАЖДОГО, кто хочет стать жизнерадостным и счастливым человеком.
Language:Russian
Published: Москва, Дрофа-Плюс, 2005
Series:Психология для всех и каждого
Subjects:
Format: Book
KOHA link:https://koha.lib.tpu.ru/cgi-bin/koha/opac-detail.pl?biblionumber=98708

MARC

LEADER 00000nam0a2200000 4500
001 98708
005 20231031111412.0
010 |a 5955507655 
035 |a (RuTPU)RU\TPU\book\105819 
090 |a 98708 
100 |a 20060621d2005 km y0rusy50 ca 
101 0 |a rus 
102 |a RU 
105 |a y z 001zy 
200 1 |a Психология счастья. Искусство радоваться жизни  |e практическое пособие  |f В. Н. Панкратов 
210 |a Москва  |c Дрофа-Плюс  |d 2005 
215 |a 384 с. 
225 1 |a Психология для всех и каждого 
320 |a Библиогр.: с. 318-322. 
330 |a Это книга, по которой можно учиться жить, она реально может помочь человеку стать жизнерадостным и счастливым. Книга учит думать и лучше понимать себя и окружающих. Она уже прикоснулась ко многим сердцам и согрела их. В пособии в доходчивой и лаконичной форме даются ответы на многие жизненно важные вопросы: - как наслаждаться текущим моментом и полноценно жить настоящим; - как извлекать пользу из потерь, достойно принимать испытания судьбы и умело сотрудничать с неизбежным; - как освобождаться от болезненных переживаний и получать доступ к состояниям уверенности и душевного равновесия; - как правильно любить себя, сформировать позитивную самооценку и здоровое самоуважение; - как овладеть искусством прощать и просить прощения; - как позитивно выстраивать взаимоотношения с людьми, любить их и быть любимыми. Книга содержит тестовый материал, позволяющий лучше узнать себя, оригинальные упражнения-аутотренинги, побуждающие думать и творить, испытывая при этом особую радость открытий и познание самого себя. Пособие относится к той категории книг, которые жизненно необходимы чуть ли не всем. А точнее, эта книга НЕ ДЛЯ ВСЕХ, она ДЛЯ КАЖДОГО, кто хочет стать жизнерадостным и счастливым человеком. 
610 1 |a психология 
610 1 |a социальная психология 
610 1 |a личность 
610 1 |a счастье 
610 1 |a позитивный настрой 
610 1 |a позитивное мышление 
610 1 |a самооценка 
610 1 |a целеустремленность 
610 1 |a самовнушение 
610 1 |a любовь 
610 1 |a тесты 
686 |a Ю952  |v LBC/SL-A  |2 rubbk 
700 1 |a Панкратов  |b В. Н.  |g Вячеслав Николаевич 
801 1 |a RU  |b 63413507  |c 20060621  |g PSBO 
801 2 |a RU  |b 63413507  |c 20120416  |g PSBO 
942 |c BK 
959 |a 57/20060619  |d 1  |e 64,57  |f ЧЗГЛ:1